ZAWODY, W KTÓRYCH PRACUJĄ GŁÓWNIE MĘŻCZYŹNI - Statystyki

Ogólne statystyki
  • Ten quiz został rozwiązany 300 razy
  • Średni wynik to 3 z 9
Statystyki odpowiedzi
Odpowiedź % Poprawnych
MECHANIK
64%
BUDOWLANIEC
63%
HYDRAULIK
49%
GÓRNIK
44%
PIŁKARZ
30%
SPAWACZ
29%
MOTORNICZY
6%
OGRODNIK
6%
SŁUŻBY MUNDUROWE
1%
Nie znaleziono quizów pasujących do podanych kryteriów
Rozkład punktacji
Procent ludzi z każdym wynikiem
Percentyl według liczby udzielonych odpowiedzi
Twoja historia wyników
Nie rozwiązałeś tego quizu